000 00282nam a22001217a 4500
003 OSt
005 20260119151913.0
008 260119b |||||||| |||| 00| 0 eng d
040 _cfms
100 _aKumar (R)
_9905463
245 _aLegal ASPECTS OF BUSINESS
942 _2CC
_cTB
_e6
_n0
999 _c1497279
_d1497279